Народно-миссионерская библиотечка № ... № 3: О почитании Пречистыя Нашея Владычицы Богородицы и Приснодевы Марии | Величие Богоматери (Запись № 7367245)

Подробности
000 -МАРКЕР
контрольное поле 01402nam2a22002771 4500
001 - ИДЕНТИФИКАТОР ЗАПИСИ
контрольное поле v19\rc\2017650
005 - ИДЕНТИФИКАТОР ВЕРСИИ
контрольное поле 20250620003526.0
035 ## - ДРУГИЕ СИСТЕМНЫЕ НОМЕРА
Идентификатор записи (NLR Aleph) 005098428
100 ## - ДАННЫЕ ОБЩЕЙ ОБРАБОТКИ
Данные общей обработки 20080925d1903 |||y0rusy50 ca
101 0# - ЯЗЫК РЕСУРСА
Язык текста, звукозаписи и т.д. русский
102 ## - СТРАНА ПУБЛИКАЦИИ ИЛИ ПРОИЗВОДСТВА
Страна публикации Российская Федерация
105 ## - ПОЛЕ КОДИРОВАННЫХ ДАННЫХ: ТЕКСТОВЫЕ МАТЕРИАЛЫ, МОНОГРАФИЧЕСКИЕ
Кодированные данные о монографическом текстовом документе y z |||a|
200 1# - ЗАГЛАВИЕ И СВЕДЕНИЯ ОБ ОТВЕТСТВЕННОСТИ
Основное заглавие О почитании Пречистыя Нашея Владычицы Богородицы и Приснодевы Марии
-- Величие Богоматери
Сведения, относящиеся к заглавию [Стихотворение]
210 ## - ПУБЛИКАЦИЯ, РАСПРОСТРАНЕНИЕ И ДР.
Дата издания, распространения и т.д. ценз. 1903
Место издания, распространения и т.д. Б. м.
215 ## - ФИЗИЧЕСКАЯ ХАРАКТЕРИСТИКА
Специфическое обозначение материала и объем 24 с.
300 ## - ОБЩИЕ ПРИМЕЧАНИЯ
Текст примечания В конце последнего стихотворения подпись: С.
423 #0 - ИЗДАЕТСЯ В ОДНОЙ ОБЛОЖКЕ ВМЕСТЕ С ...
Встроенное поле 1010#$arus
-- 2001#$a[Стихотворение, посвященное Богородице]$f[С.]
-- 5401#$aСтихотворение, посвященное Богородице
Заглавие [Стихотворение, посвященное Богородице]
461 #0 - УРОВЕНЬ НАБОРА
Встроенное поле 001v19\rc\2017647
-- 2001#$aНародно-миссионерская библиотечка № ...$v№ 3
Системный номер (АБИС) связанной записи 7367216
Место публикации Санкт-Петербург
Дата публикации 1903
Имя издателя, распространителя и т.д. типо-лит. В.В. Комарова
Заглавие Народно-миссионерская библиотечка № ...
Номер тома № 3
700 #1 - ИМЯ ЛИЦА - ПЕРВИЧНАЯ ОТВЕТСТВЕННОСТЬ
Начальный элемент ввода Орлов
Часть имени, кроме начального элемента ввода И.
701 #0 - ИМЯ ЛИЦА - АЛЬТЕРНАТИВНАЯ ОТВЕТСТВЕННОСТЬ
Начальный элемент ввода С.
801 #0 - ИСТОЧНИК ЗАПИСИ
Страна Российская Федерация
Организация NLR
Правила каталогизации psbo
801 #1 - ИСТОЧНИК ЗАПИСИ
Страна Российская Федерация
Организация ProSoft-M
Источник данных rusmarc
852 ## - МЕСТОНАХОЖДЕНИЕ И ШИФР ХРАНЕНИЯ
Идентификатор организации NLR
Шифр хранения (Call Number) 132/5318
942 ## - ДОПОЛНИТЕЛЬНЫЕ ЭЛЕМЕНТЫ ЗАПИСИ (АБИС)
Тип экземпляра АБИС Книга
980 ## - КОЛЛЕКЦИЯ
Название коллекции Национальная библиография
Экземпляры
Тип экземпляра Дата поступления Библиотека постоянного хранения Библиотека текущего хранения Место хранения Шифр хранения Штрих-код Статус экземпляра
Книга 26.10.2013 РНБ (Садовая) РНБ (Садовая) Русский книжный фонд -Главное здание, Ленинский читальный зал 132/5318 5098428-10